000 00720nam a22001937a 4500
005 20231220152601.0
010 _aB-756004-011
020 _a9788183225090
_c150.00
035 _aB-756004-011
037 _aK.K. Publication
082 _a158.1
100 _aMurphy, Joseph
_960072
245 _aBelieve in Yourself /
_cJoseph murphy
260 _aUttar Pradesh
_bManjul Publishing House
_c2023
270 _aC-16, Sector 3 , Noida Uttar Pradesh
_bUttar Pradesh
_e201301
300 _a73P.
_c17cm(pbk)
942 _2ddc
_cEN
_mMUR
_h158.1
999 _c199294
_d199294